[Event "20th Iraklio Open 2017"]
[Site "Athens"]
[Date "2017.06.23"]
[Round "7.2"]
[White "Kordis, Konstantinos"]
[Black "Koutourinis, Apostolos"]
[Result "1/2-1/2"]
[WhiteElo "2149"]
[BlackElo "2041"]
[Annotator "TA"]
[PlyCount "125"]
[EventDate "2017.??.??"]
[EventType "swiss"]
[EventCountry "GRE"]
[SourceTitle "playchess.com"]
[Source "ChessBase"]
[SourceQuality "1"]

{[%evp 12,125,42,0,61,-4,81,81,119,115,74,-10,-17,-12,-3,-71,-63,-190,-179,-233,-237,-251,-156,-181,-181,-212,-201,-333,-334,-338,-267,-406,-333,-335,-320,-409,-397,-391,-422,-420,-400,-485,-458,-696,-417,-1255,-1208,-1172,-805,-29996,-2093,-29993,-991,-970,-657,-652,-646,-906,0,-48,0,-897,-873,-1032,-946,-1719,-1743,-1139,-237,-279,0,-252,-253,-201,0,0,0,0,0,0,0,0,0,0,0,0,0,0,0,0,0,0,0,0,0,0,0,0,0,0,0,0,0,0,0,0,0,0,0,0,0,0,0,0,0,0]} 1. e4 c5 2. Nf3 d6 3. d4 cxd4 4. Nxd4 Nf6 5. Nc3 g6 6. f4 Nbd7 {[%cal Bb8d7,Bd7c5,Bc5e6][%mdl 32]} 7. Nf3 (7. Qe2 $5 {[%cal Re4e5]}) 7... Qc7 {B71: Sicilian Dragon: 6 f4} (7... Bg7 $11) 8. Qe2 (8. e5 $14 dxe5 9. fxe5 Nxe5 10. Bf4 Nd3+ 11. Bxd3 Qxf4 12. Bb5+ Bd7 13. Qe2) (8. Bd3 Bg7 9. O-O O-O 10. Qe1 a6 11. Qh4 b5 12. f5 Ne5 13. Nxe5 Qc5+ 14. Kh1 dxe5 15. g4 {0-1 (34) Yogesh,G (2178)-Arribas Lopez,A (2546) Porto 2015}) 8... e5 $146 (8... Bg7 $11) ({Predecessor:} 8... Bg7 9. Bd2 O-O 10. O-O-O Nb6 11. Be3 Be6 12. Kb1 Rfc8 13. Bd4 Nc4 14. Qe1 Qa5 15. Bd3 {½-½ (49) Ahmed,A (2264)-Braga,C (2441) Mallorca 2004}) 9. Nb5 Qc6 {White is better.} 10. Qc4 $1 {Nc7+ is the strong threat.} Nc5 11. Ng5 ({White should try} 11. fxe5 $16 Nfxe4 12. exd6 Bxd6 13. Nfd4) 11... Be6 $1 $11 {[%cal Re6c4]} 12. Nxe6 Nxe6 13. f5 (13. fxe5 $11 {keeps the balance.} dxe5 14. Nc3) 13... Nc5 $17 14. fxg6 (14. b4 $15 a6 15. bxc5 axb5 16. Qxb5) 14... hxg6 $19 15. Be2 (15. g3 $142) 15... a6 16. Nc3 Ncxe4 17. Nxe4 Nxe4 18. Rf1 d5 19. Qb3 (19. Qxc6+ {only move.} bxc6 20. h3) 19... Rxh2 20. Bf3 {next Bxe4 is good for White.} O-O-O {Strongly threatening ...f5.} 21. Be3 (21. Bxe4 $142 dxe4 22. Bg5) 21... Nc5 22. Bxc5 Bxc5 23. O-O-O {[%cal Rf3d5]} e4 24. Bg4+ f5 25. Bh3 Kb8 26. Qg3+ Bd6 27. Qg5 (27. Qc3 $142) 27... Rc8 {[%csl Gc8][%cal Rc6c2]} 28. Rd2 (28. c3 $142) 28... Qc4 29. Re1 e3 30. Rde2 {[#]} Bf4 (30... Qxe2 $142 $1 {[%mdl 512]} 31. c3 (31. Rxe2 Rh1+) 31... Rxc3+ $1 {[%mdl 512]} 32. bxc3 Ba3+ 33. Kb1 Qb2#) 31. Qxg6 {[#]} Qxa2 (31... Qxe2 $142 $1 {[%mdl 512]} 32. c3 (32. Rxe2 Rh1+) 32... Qxe1+ 33. Kc2 e2 34. Kb3 Rxc3+ $1 {[%mdl 512]} 35. bxc3 Qb1+ 36. Ka4 Qb5+ 37. Ka3 Bc1#) 32. c3 Qa1+ 33. Kc2 {[#]} Qa4+ $1 34. Kc1 {[#]} Qa1+ $2 (34... Rxh3 $1 $19 35. gxh3 Qa1+ 36. Kc2 Qa2) 35. Kc2 $15 Qa4+ $2 {[%mdl 8192]} (35... Qa5 $15 36. Qxf5 Rc4) 36. Kc1 $1 $19 {[#]} Rxh3 $1 37. gxh3 d4 38. Qxf5 dxc3 39. Kb1 Rc4 $2 (39... cxb2 40. Rxb2 Qd4) 40. Rc2 Qb3 $2 (40... cxb2 $19 {( -> ...Qa1#)} 41. Rxb2 Qc6) 41. Rxc3 $2 {[%mdl 8192]} (41. Qd5 $11 {and White stays safe.}) 41... Rxc3 42. Qxf4+ $11 {[%mdl 4096] Endgame KQR-KQR} Rc7 $2 ({Better is} 42... Ka8 $19 {Hoping for ...Qc2+.} 43. Qe4 Rd3) 43. Rxe3 {The position is equal.} Qc2+ 44. Ka2 Qc4+ 45. Qxc4 Rxc4 {KR-KR} 46. Kb3 Rh4 47. Kc3 Kc7 48. Rg3 a5 49. Rd3 b5 50. Rg3 Kc6 51. Rg6+ Kc7 52. Rg3 a4 53. Rg7+ Kb6 54. Rg3 Ka5 55. Kc2 Rc4+ 56. Kb1 b4 57. Rg5+ Kb6 58. Rg4 Rxg4 59. hxg4 Kc5 60. Kc2 Kd4 61. g5 {Black must now prevent g6.} Ke5 62. Kd3 a3 63. bxa3 {Precision: White = 44%, Black = 55%.} 1/2-1/2

[Event "20th Iraklio Open 2017"]
[Site "Athens"]
[Date "2017.06.23"]
[Round "7.3"]
[White "Sonis, Francesco"]
[Black "Georgiev, Krum"]
[Result "0-1"]
[WhiteElo "2450"]
[BlackElo "2357"]
[Annotator "TA"]
[PlyCount "62"]
[EventDate "2017.??.??"]
[EventType "swiss"]
[EventCountry "GRE"]
[SourceTitle "playchess.com"]
[Source "ChessBase"]
[SourceQuality "1"]

{[%evp 15,62,43,82,77,72,56,64,51,72,59,70,-21,35,0,47,45,52,-35,-14,-18,-3,-125,-149,-179,-120,-143,-110,-135,-130,-114,-120,-128,-129,-162,-125,-1193,-1192,-1181,-870,-1180,-1177,-1473,-1430,-1375,-1184,-1140,-1091,-1171,-1152]} 1. Nf3 Nf6 2. g3 g6 3. b3 Bg7 4. Bb2 O-O 5. Bg2 c5 6. c4 Nc6 7. O-O d6 8. d4 {[%cal Bd2d4,Bd4d5][%mdl 32]} Bf5 9. d5 {E60: King's Indian: Unusual lines and Fianchetto Variation without Nc3} Nb4 10. a3 Na6 $1 11. Nfd2 {White is slightly better.} Nc7 $146 ({Predecessor:} 11... Qd7 12. Re1 Bh3 13. Bh1 e5 14. dxe6 fxe6 15. Nf3 Ng4 16. Ra2 e5 {1-0 (41) Dovzik,J (2383)-Barva,A (2354) Miskolc 2001}) 12. e4 Bd7 13. f4 (13. Re1 $14) 13... e5 (13... Nxe4 $11 14. Bxg7 Nxd2 15. Nxd2 Kxg7) 14. Qc1 Ng4 15. Nf3 f5 16. Nc3 ({Better is} 16. exf5 $14 e4 17. Bxg7 Kxg7 18. Qc3+ Qf6 19. Qxf6+ Rxf6 20. Nfd2 gxf5 21. Re1) 16... exf4 $15 17. gxf4 Ne8 {[%cal Bc7e8,Be8f6,Bf6g4,Bg4e3][%mdl 32]} 18. Nd1 (18. Re1 $11 {remains equal.}) 18... fxe4 $17 19. Ng5 {[#]} Qe7 ({Black should try} 19... Bxb2 $1 $19 20. Qxb2 Nef6) 20. Nxe4 Nef6 21. Ng3 {[#]} Nxh2 $1 {[%mdl 512]} 22. Kxh2 {And now Nf2 would win.} Ng4+ 23. Kg1 {Strongly threatening Nf2.} Qh4 $36 {[%csl Gg4][%cal Rh4h2][%mdl 2048] Keeping White busy.} 24. Rf3 Rae8 {( -> ...Re1+)} ({Don't play} 24... Bxb2 $6 25. Nxb2 Nh2 26. Re3 $11) 25. Qd2 $2 {[%mdl 8192]} (25. Nf1 $17 Re1 26. Rh3) 25... Bxb2 $19 {Black is clearly winning.} 26. Nxb2 Qh2+ 27. Kf1 {[#]} Ne3+ $1 {[%mdl 512]} 28. Rxe3 Rxf4+ 29. Ke2 Qxg2+ 30. Kd1 Qg1+ 31. Re1 Qxg3 {Precision: White = 18%, Black = 67%.} 0-1

[Event "20th Iraklio Open 2017"]
[Site "Athens"]
[Date "2017.06.23"]
[Round "7.4"]
[White "Ergazakis, Ioannis"]
[Black "Kotrotsos, Vasilios"]
[Result "1/2-1/2"]
[WhiteElo "2150"]
[BlackElo "2269"]
[Annotator "TA"]
[PlyCount "77"]
[EventDate "2017.??.??"]
[EventType "swiss"]
[EventCountry "GRE"]
[SourceTitle "playchess.com"]
[Source "ChessBase"]
[SourceQuality "1"]

{[%evp 29,77,13,22,19,24,20,19,0,13,0,6,0,8,0,0,0,22,22,42,27,78,75,77,59,78,70,144,140,207,193,220,220,196,80,209,80,422,266,420,547,1105,1084,29974,5698,1446,225,197,0,1312,0]} 1. e4 c5 2. Nf3 d6 3. d4 cxd4 4. Nxd4 Nf6 5. Nc3 a6 6. Be2 e5 7. Nb3 Be7 8. Be3 Be6 9. O-O O-O 10. Qd3 Nbd7 11. Nd5 Bxd5 12. exd5 Nc5 13. Nxc5 {B92: Sicilian Najdorf: 6 Be2} dxc5 14. c4 (14. Bf3 Bd6 15. Rfe1 Ne8 16. g3 f5 17. Bg2 Qc7 18. c4 e4 19. Qd2 Nf6 20. Bg5 h6 21. Bxf6 Rxf6 {0-1 (64) Stefansson,H (2574)-Papaioannou,I (2631) Baku 2016}) 14... e4 15. Qd2 Bd6 {LiveBook: 3 Games} 16. Bf4 Qc7 17. Bxd6 Qxd6 18. f4 $146 ({Predecessor:} 18. Qe3 Rae8 19. Rac1 Nd7 20. Qg3 Ne5 {½-½ (46) Andrijevic,M (2364)-Arsovic,G (2469) Senta 2008}) 18... exf3 19. Bxf3 b5 20. Rac1 b4 21. Rce1 Rae8 22. g3 Nd7 23. Qf4 Ne5 24. Bg4 f6 (24... g6 $11 {keeps the balance.}) 25. Be6+ $16 Kh8 26. Kg2 Rd8 27. Re3 g5 (27... Rde8 $14) 28. Qe4 Kg7 (28... Qe7 $16 {might work better.} 29. h4 Ng6) 29. Re2 h6 30. h4 Qe7 31. h5 (31. b3 $18) 31... Qe8 (31... Ra8 $16) 32. g4 (32. Qf5 $18 {and White stays clearly on top.}) 32... Rd6 $2 {[%mdl 8192]} (32... Qe7 $16) 33. b3 a5 (33... Rxe6 {was called for.} 34. dxe6 Qxe6) 34. Qf5 $18 Rd8 35. Rxe5 {[#] aiming for Bg8.} fxe5 36. Qxe5+ Kh7 37. Bf5+ $2 (37. Re1 Rc8 38. Qd6) 37... Kg8 38. Be6+ $2 (38. Qc7 Rxf5 39. Rxf5) 38... Kh7 {intending ...Rxf1.} 39. Bf5+ $2 {Precision: White = 48%, Black = 12%.} (39. Re1 $18 Rf4 40. Bf5+ Kg8 41. Qxe8+ Rxe8 42. Rxe8+ Kf7 43. Rh8) 1/2-1/2

[Event "20th Iraklio Open 2017"]
[Site "Athens"]
[Date "2017.06.23"]
[Round "7.5"]
[White "Galanos, Dimitrios"]
[Black "Spyropoulos, Nikolaos"]
[Result "1/2-1/2"]
[WhiteElo "1996"]
[BlackElo "2229"]
[Annotator "TA"]
[PlyCount "130"]
[EventDate "2017.??.??"]
[EventType "swiss"]
[EventCountry "GRE"]
[SourceTitle "playchess.com"]
[Source "ChessBase"]
[SourceQuality "1"]

{[%evp 10,130,52,45,45,43,40,26,26,20,17,17,12,26,21,4,25,-9,8,10,17,12,32,4,9,-26,15,-59,-65,-91,-95,-151,-137,-156,-139,-177,-168,-174,-162,-166,-168,-160,-110,-107,-90,-204,-204,-207,-198,-176,-190,-208,-204,-195,-203,-189,-237,-226,-211,-184,-188,-228,-159,-153,0,0,0,0,0,0,0,0,0,-146,-160,-274,-244,-237,-224,-79,-8,-8,-8,-8,0,0,0,0,0,0,0,0,0,0,0,0,0,0,0,0,0,0,0,0,0,0,0,0,0,-11,0,0,0,0,0,0,0,0,0,0,0,0,0]} 1. e4 c5 2. d4 cxd4 3. c3 d3 4. Bxd3 Nc6 5. Nf3 d6 6. O-O g6 {B21: Sicilian: 2 f4 and Morra Gambit} (6... Nf6 7. h3 g6 8. Qe2 Bg7 9. Rd1 Nd7 10. Be3 O-O 11. Nbd2 b6 12. Nd4 Nce5 13. Ba6 Nc5 14. Bxc8 Qxc8 15. N4f3 Nxf3+ 16. Qxf3 {½-½ (37) Petrov,N (2490)-Bernadskiy,V (2549) Riga 2016}) 7. Na3 Bg7 8. Nc4 Nf6 {White has an edge.} 9. e5 dxe5 10. Nfxe5 $146 ({Predecessor:} 10. Ncxe5 Nd7 11. Nxf7 Kxf7 {1-0 (23) Zhang,M-Anilkumar,A (1343) England 2012}) 10... Nxe5 11. Nxe5 O-O 12. h3 Qc7 13. Qe2 Be6 {[%cal Bc8e6,Be6a2,Ba2b3][%mdl 32]} 14. Bf4 {Threatens to win with Nxg6.} Nh5 15. Bh2 Qc5 16. Rfd1 Rfd8 17. Rac1 a5 {[%cal Ba7a5,Ba5a4][%mdl 32]} ({Don't take} 17... Bxa2 $2 18. b4 $18) 18. Nf3 ({White should try} 18. g4 $11 Nf6 19. Bc4) 18... Bxa2 $15 19. g4 Nf6 20. c4 (20. Ra1 $142 Bb3 21. Re1) 20... Bb3 $17 21. Re1 Ra6 22. Rc3 a4 23. Qxe7 Qxe7 24. Rxe7 {[#]} Nxg4 $1 {[%mdl 512]} 25. Bc7 {And now Rxb3 would win.} (25. hxg4 Bxc3) 25... Bxc3 26. Bxd8 Rd6 27. Re8+ (27. bxc3 $17 Rxd3 28. Re8+ Kg7 29. hxg4 Rxf3 30. Kg2) 27... Kg7 $19 28. bxc3 Rxd3 29. hxg4 {Hoping for Ne5.} Rxf3 {[%mdl 4096] Endgame KRB-KRB} 30. Kg2 Rf4 ({Don't do} 30... Rxc3 31. g5 $17) 31. g5 h6 32. Bf6+ Rxf6 33. gxf6+ Kxf6 {KR-KB} 34. Ra8 Ke5 35. Kf3 Kd6 36. Ke3 Bxc4 $2 (36... h5 $17 37. f4 h4) 37. Rxa4 $11 b5 38. Ra8 Ke5 39. Rh8 h5 40. f4+ Kf5 41. Kf3 (41. Rc8 $11 {keeps the balance.}) 41... Bd5+ $1 $17 42. Kg3 (42. Ke3 $17) 42... Ke4 $1 $19 43. Rd8 {[#]} Bc4 $1 44. Rd4+ {[#]} Kf5 (44... Ke3 $1 $17) 45. Kh4 $11 {The position is equal.} f6 46. Rd6 Be2 47. Kg3 g5 48. fxg5 fxg5 49. Rd5+ Kf6 50. Rc5 h4+ 51. Kh3 Bc4 52. Kg4 {Black must now prevent Rf5+.} Be6+ 53. Kf3 Bd7 54. Rc7 Be6 55. Rc5 Bd7 56. Rc7 Ke6 57. Rc5 g4+ {[%cal Bg5g4,Bg4g3,Bg3g2][%mdl 32]} 58. Kf4 g3 59. Re5+ Kd6 60. Rg5 Bc6 {aiming for ...g2.} 61. Kg4 g2 62. Kxh4 Bd5 63. Kh3 Kc5 64. Kh2 Kc4 65. Kg1 Be4 {Precision: White = 58%, Black = 75%.} 1/2-1/2

[Event "20th Iraklio Open 2017"]
[Site "Athens"]
[Date "2017.06.23"]
[Round "7.6"]
[White "Skaperdas, Kostantinos"]
[Black "Nemtsas, Hristoforos"]
[Result "1-0"]
[WhiteElo "2191"]
[BlackElo "1931"]
[Annotator "TA"]
[PlyCount "43"]
[EventDate "2017.??.??"]
[EventType "swiss"]
[EventCountry "GRE"]
[SourceTitle "playchess.com"]
[Source "ChessBase"]
[SourceQuality "1"]

{[%evp 15,43,31,25,14,105,18,138,154,250,264,271,244,269,262,385,334,529,508,518,530,731,723,719,710,1064,992,1353,1318,1465,1461]} 1. e4 c5 2. Nf3 d6 3. d4 Nf6 4. Nc3 cxd4 5. Nxd4 a6 6. h3 e6 7. g4 b5 8. Bg2 Bb7 9. O-O {B81: Sicilian Scheveningen: Keres Attack} Be7 {[#]} (9... Nfd7 $11 {keeps the balance.}) (9... Nfd7 10. Re1 Be7 11. e5 d5 12. a4 b4 13. Nxd5 Bxd5 14. Bxd5 exd5 15. e6 O-O 16. exd7 Qxd7 {1-0 (44) Anand,V (2803)-Volokitin,A (2639) Berlin 2015}) 10. Re1 ({Better is} 10. e5 $1 $16 {[%cal Re5f6]} Bxg2 11. exf6 Bxf1 12. fxe7 Qxe7 13. Qxf1) 10... O-O $146 (10... b4 $11 11. Na4 Qc7) ({Predecessor:} 10... Qc7 11. g5 Nfd7 12. Nd5 exd5 13. exd5 Ne5 14. Nf5 Bf8 15. f4 Nbd7 16. fxe5 Nxe5 {1-0 (56) Koziej,M (2036)-Matuszewski,M (2384) Murzasichle 2011}) 11. e5 $16 {White is clearly better.} Nd5 (11... dxe5 $16 12. Bxb7 Ra7) 12. Nxd5 $18 Bxd5 13. Bxd5 ({But not} 13. Nxe6 $6 Bxe6 14. Bxa8 dxe5 $18) 13... exd5 14. e6 Bh4 (14... Bf6 $142 15. Bf4 Ra7) 15. Nf5 fxe6 (15... Nc6 {was necessary.} 16. exf7+ Rxf7 17. Qxd5 Bxf2+ 18. Kxf2 Nb4) 16. Rxe6 {White is clearly winning.} Nd7 17. Rxd6 Rc8 18. Qxd5+ Rf7 19. Be3 {[%cal Bc1e3,Be3b6,Bb6f2][%mdl 32]} Rxc2 20. Rd1 Rc7 21. Bb6 Bxf2+ 22. Bxf2 {Precision: White = 61%, Black =  5%.} 1-0

[Event "20th Iraklio Open 2017"]
[Site "Athens"]
[Date "2017.06.23"]
[Round "7.7"]
[White "Korniotis, Filippos"]
[Black "Sienczewski, Zbigniew"]
[Result "1/2-1/2"]
[WhiteElo "2143"]
[BlackElo "1911"]
[Annotator "TA"]
[PlyCount "50"]
[EventDate "2017.??.??"]
[EventType "swiss"]
[EventCountry "GRE"]
[SourceTitle "playchess.com"]
[Source "ChessBase"]
[SourceQuality "1"]

{[%evp 11,50,64,79,31,41,20,49,33,33,23,55,37,34,40,87,18,65,31,68,-10,0,0,0,0,24,16,21,0,-6,-63,-37,-45,-46,-67,-72,-69,-43,-51,0,0,20]} 1. d4 g6 2. e4 d6 3. Nc3 Nf6 4. f3 c6 5. Be3 Nbd7 6. Qd2 Qc7 {LiveBook: 6 Games} 7. Nh3 {B07: Pirc Defence: Miscellaneous Systems} b5 8. Nf2 Bb7 9. Be2 {White is slightly better.} a6 10. O-O c5 11. a4 $146 ({Predecessor:} 11. d5 b4 12. Ncd1 a5 13. c4 bxc3 14. Nxc3 a4 15. Rfc1 {½-½ (40) Lendwai,R (2427)-Mittelberger,P (2234) Voesendorf 2006}) 11... b4 {[#] Strongly threatening ...cxd4.} 12. Ncd1 {[%cal Bc3d1,Bd1e3,Be3c4][%mdl 32]} a5 13. b3 ({White should try} 13. c3 $16) 13... Bg7 14. Rc1 O-O 15. Bb5 (15. c3 $14) 15... cxd4 16. Bxd4 Nc5 17. Ne3 Ne6 (17... e5 $5 {[%cal Re5d4]} 18. Bxc5 Qxc5 $11) 18. Ba1 Qb6 19. Nc4 Qa7 20. c3 (20. Kh1 $11) 20... d5 $15 21. exd5 Nxd5 22. cxb4 {[#] Black must now prevent Bxg7.} Bxa1 23. Rxa1 {[%cal Rb4a5]} Nxb4 24. Kh1 Qd4 (24... Rfd8 $15 25. Qe2 Bc6) 25. Qe2 $11 Qh4 {Precision: White = 38%, Black = 33%.} 1/2-1/2

[Event "20th Iraklio Open 2017"]
[Site "Athens"]
[Date "2017.06.23"]
[Round "7.8"]
[White "Tsiros, Fragkiskos Vlasios"]
[Black "Bardis, Harilaos-Panagiotis"]
[Result "1/2-1/2"]
[WhiteElo "2163"]
[BlackElo "1797"]
[Annotator "TA"]
[PlyCount "115"]
[EventDate "2017.??.??"]
[EventType "swiss"]
[EventCountry "GRE"]
[SourceTitle "playchess.com"]
[Source "ChessBase"]
[SourceQuality "1"]

{[%evp 10,115,4,3,4,-4,26,22,28,24,39,48,110,101,92,48,87,72,117,83,88,42,50,42,69,71,84,0,-8,-28,22,5,5,-26,-38,-96,-87,-90,-89,-96,-91,-99,-45,-121,-56,-70,-21,-30,-17,-32,22,0,-12,0,0,-70,-84,-123,-123,-113,-123,-124,-123,-205,-192,-229,-200,-198,-191,-208,-178,-177,-182,-194,-190,-211,-167,-151,0,0,0,0,21,22,29,23,22,24,29,29,45,27,26,27,34,28,36,28,38,38,39,20,20,20,36,14,34,23]} 1. e4 e5 2. Nc3 Nf6 3. g3 Bb4 4. Bg2 O-O 5. Nge2 c6 6. O-O d6 {C26: Vienna Game: 2...Nf6, sidelines} (6... d5 7. exd5 cxd5 8. d4 Bxc3 9. Nxc3 Bg4 10. f3 {½-½ (10) Zhou,Y (2463)-Golubka,P (2413) Sunny Beach 2015}) 7. d3 Bg4 $146 ({Predecessor:} 7... Nbd7 8. h3 Re8 9. Bg5 h6 10. Be3 Bc5 11. Kh2 Bb6 12. Qd2 Bxe3 13. Qxe3 Qb6 14. Qc1 {1-0 (42) Cordobes,M (1748)-De Haro,M (2079) Caioba 2016}) 8. h3 Be6 {The position is equal.} 9. f4 exf4 10. gxf4 {[%cal Bg3f4,Bf4f5][%mdl 32]} Nh5 (10... Re8 $14) 11. f5 $16 Bc8 12. Nf4 Nxf4 13. Bxf4 f6 14. Qg4 Nd7 15. Kh1 Ne5 16. Qg3 Kh8 17. d4 Nf7 18. Bf3 (18. Nd1 $16) 18... d5 $11 19. exd5 (19. a3 {with more complications.} Bxc3 20. bxc3 Ng5 21. Bxg5 fxg5 22. Rae1) 19... Bxc3 20. dxc6 Bxb2 21. Rab1 bxc6 $1 22. Rxb2 ({White should play} 22. Bxc6 $15 Bxf5 23. Bc7 Qxd4 24. Bxa8 (24. Rxf5 Rac8 $17) 24... Bxc2 25. Rf4) 22... Bxf5 $17 23. c3 Qd7 24. Kh2 Rae8 25. Qg2 Rc8 (25... Re6 $17) 26. Rg1 (26. Re1 $15) 26... Rg8 (26... Ng5 $1 $17 {[%cal Rg5h3]} 27. Bg4 Bxg4 28. Qxg4 Ne6) 27. Re2 Bd3 28. Re3 Bg6 29. Rge1 {Hoping for Bg4.} Qf5 (29... Nd6 $1 $15) 30. Bg3 {[#] Strongly threatening Bg4.} (30. Qg3 $5 {[%cal Rf3g4]} Qa5 31. R1e2 $11) 30... Qa5 31. Bxc6 Nh6 {next ...Nf5 is good for Black.} 32. Qd5 (32. d5 $1 $11) 32... Qb6 $1 $15 33. Bb7 Rxc3 $1 34. Rxc3 Qb2+ 35. Qg2 Qxc3 36. d5 (36. Bf2 $17) 36... Nf5 $19 37. Bc6 Nxg3 38. Qxg3 Qd2+ 39. Kh1 Qxa2 40. d6 Qc4 41. Qg2 Qc3 42. Rf1 Qd3 43. d7 {[#]} Bf5 $2 ({Better is} 43... Rd8 $1 $17 44. Re1 Bf7) 44. Qf3 $11 Qxf3+ 45. Rxf3 Bxd7 (45... g6 {is more complex.} 46. Re3 h5 47. Kh2 Kh7 48. h4 a6) 46. Bxd7 {[%mdl 4096] Endgame KRB-KR} Rd8 47. Rb3 g6 48. Rb7 a5 49. Ra7 Kg7 50. Bg4+ Kh6 51. Rxa5 f5 52. Bf3 Rd2 53. Kg1 Rb2 54. Ra7 Kg5 55. Ra4 f4 56. Bg2 h5 57. Rd4 Ra2 58. Rc4 {Precision: White = 35%, Black = 48%.} 1/2-1/2

[Event "20th Iraklio Open 2017"]
[Site "Athens"]
[Date "2017.06.23"]
[Round "7.9"]
[White "Fragkos, Vasileios"]
[Black "Abelakiotis, Stavros"]
[Result "1-0"]
[WhiteElo "1453"]
[BlackElo "1861"]
[Annotator "NA RC"]
[PlyCount "54"]
[EventDate "2017.??.??"]
[EventType "swiss"]
[EventCountry "GRE"]
[SourceTitle "playchess.com"]
[Source "ChessBase"]
[SourceQuality "1"]
[TimeControl "5400+30"]

1. e4 {[%emt 0:00:30]} c5 {[%emt 0:01:00]} 2. Nf3 {[%emt 0:00:00]} e6 {[%emt 0:00:30]} 3. d4 {[%emt 0:00:00]} cxd4 {[%emt 0:00:00]} 4. Nxd4 {[%emt 0:00:30]} Nc6 {[%emt 0:00:00]} 5. c4 {[%emt 0:00:00]} Nf6 {[%emt 0:00:00]} 6. Nc3 {[%emt 0:00:00]} Bb4 {[%emt 0:00:00]} 7. Nxc6 {[%emt 0:00:30]} bxc6 {[%emt 0:00:30]} 8. Bd3 {[%emt 0:01:30]} e5 {[%emt 0:00:00]} 9. O-O {[%emt 0:01:30]} O-O {[%emt 0:00:00]} 10. Qa4 {[%emt 0:01:30] B44: Sicilian: Taimanov: 5 Nb5} (10. Bg5 h6 11. Bh4 Bc5 12. Kh1 d6 13. f3 Be6 14. Qc2 Rb8 15. Rad1 Bd4 16. b3 g5 17. Bf2 c5 18. Nb5 {½-½ (59) Nakamura,H (2789)-Gelfand,B (2777) Wijk aan Zee 2014}) 10... Bc5 {[%emt 0:10:30]} 11. h3 $146 {[%emt 0:05:30]} ({Predecessor:} 11. b4 Bd4 12. Bb2 d5 13. Qc2 dxc4 14. Bxc4 Qe7 15. a3 a5 16. b5 cxb5 17. Bxb5 Bb7 18. Kh1 Rfc8 19. f3 Bxc3 20. Bxc3 Qc5 {0-1 (20) Goth,G (2002)-Gasa,A (2257) Slovakia 2012}) 11... d6 {[%emt 0:07:30]} 12. Qc2 {[%emt 0:10:30]} h6 {[%emt 0:05:30]} 13. Bd2 {[%emt 0:02:30]} Be6 {[%emt 0:01:30]} 14. a3 {[%emt 0:02:30]} a5 {[%emt 0:01:30]} 15. Rab1 {[%emt 0:02:30]} Rb8 {[%emt 0:08:30]} 16. Na4 {[%emt 0:02:30]} Bd4 {[%emt 0:00:00]} 17. b4 {[%emt 0:05:30]} axb4 {[%emt 0:00:00]} 18. axb4 {[%emt 0:00:30]} Nh5 {[%emt 0:01:30]} 19. Nc3 {[%emt 0:03:30]} Qh4 {[%emt 0:26:30]} 20. Be3 {[%emt 0:03:30] [#]} Bxe3 {[%emt 0:07:30]} (20... Bxh3 $1 $17 {[%mdl 512]} 21. gxh3 Qxh3) 21. fxe3 {[%emt 0:00:30] [#]} Bxh3 $1 {[%emt 0:08:37]} 22. Qf2 {[%emt 0:08:30] [#]} (22. gxh3 $17 Qg3+ 23. Kh1 Qxh3+ 24. Qh2 Ng3+ 25. Kg1 Qxh2+ 26. Kxh2 Nxf1+ 27. Bxf1) 22... Qg5 $1 {[%emt 0:03:32]} 23. Kh2 {[%emt 0:00:30]} Be6 {[%emt 0:00:46]} 24. b5 {[%emt 0:01:30]} Nf6 {[%emt 0:00:54]} 25. Kg1 $19 {[%emt 0:05:30]} Ng4 {[%emt 0:04:10]} 26. Qg3 {[%emt 0:03:30]} cxb5 {[%emt 0:00:23]} 27. Nxb5 {[%emt 0:00:00]} Qxe3+ {[%emt 0:12:45]} 1-0

[Event "20th Iraklio Open 2017"]
[Site "Athens"]
[Date "2017.06.23"]
[Round "7.10"]
[White "Samartzis, Mihail"]
[Black "Loutragotis, Paraskevas Pantelei"]
[Result "1-0"]
[WhiteElo "1896"]
[BlackElo "1891"]
[Annotator "NA RC"]
[PlyCount "51"]
[EventDate "2017.??.??"]
[EventType "swiss"]
[EventCountry "GRE"]
[SourceTitle "playchess.com"]
[Source "ChessBase"]
[SourceQuality "1"]
[TimeControl "5400+30"]

1. d4 {[%emt 0:00:30]} Nf6 {[%emt 0:01:00]} 2. c4 {[%emt 0:00:00]} e6 {[%emt 0:02:30]} 3. Nc3 {[%emt 0:00:00]} Bb4 {[%emt 0:00:30]} 4. e3 {[%emt 0:00:30]} O-O {[%emt 0:00:30]} 5. a3 {[%emt 0:00:30]} Bxc3+ {[%emt 0:00:30]} 6. bxc3 {[%emt 0:00:30]} c5 {[%emt 0:01:30]} 7. Bd3 {[%emt 0:00:30]} Nc6 {[%emt 0:00:30]} 8. Ne2 {[%emt 0:00:30]} b6 {[%emt 0:00:30]} 9. e4 {[%emt 0:01:30]} d6 {[%emt 0:00:30]} 10. Bg5 {[%emt 0:01:30]} Ba6 {[%emt 0:00:30]} 11. O-O {[%emt 0:02:30]} e5 {[%emt 0:07:30]} 12. f4 {[%emt 0:01:30]} exd4 {[%emt 0:00:30]} 13. cxd4 {[%emt 0:00:30]} cxd4 {[%emt 0:01:30]} 14. Ng3 {[%emt 0:03:30]} Qd7 {[%emt 0:04:30]} 15. Bxf6 {[%emt 0:04:30]} gxf6 {[%emt 0:00:00]} 16. Nf5 {[%emt 0:01:30]} Kh8 {[%emt 0:02:00]} 17. Qh5 {[%emt 0:00:30]} Rg8 {[%emt 0:00:30]} 18. Rf3 {[%emt 0:02:30]} Rg6 {[%emt 0:03:30]} 19. Rh3 {[%emt 0:03:30]} Kg8 {[%emt 0:01:30]} 20. Qxh7+ {[%emt 0:00:30]} Kf8 {[%emt 0:00:00]} 21. Qh8+ {[%emt 0:25:30]} Rg8 {[%emt 0:00:00]} 22. Qh6+ {[%emt 0:00:00]} Ke8 {[%emt 0:00:00]} 23. Qxf6 {[%emt 0:00:00]} Ne7 {[%emt 0:02:00]} 24. Rh8 {[%emt 0:03:30]} Rf8 {[%emt 0:00:30]} 25. Rxf8+ {[%emt 0:01:30]} Kxf8 {[%emt 0:00:00]} 26. Qg7+ {[%emt 0:00:00]} 1-0